=LDR 00000nam 2200000 4500 =001 INLIS000000000049310 =005 20170208134901.0 =006 =007 =008 =020 ##$$a 978-6052-1130-90-2 =035 ##$$0010-021700000000102 =040 ##$$a NBPDMAT =082 ##$$a 297.412 12 =090 ##$$a 297.412 12 $bAhm l =100 ##$$a Ahmad Nurrohim =245 ##$$a 52 kumpulan khotbah Jum'an praktis $c/ Ahmad Nurrohim, Lc. =250 ##$$a Cet. 1 =260 ##$$a Surakarta$bAl-Quds$c2014 =300 ##$$a 277 hlm. ; $c 20 cm =650 ##$$a Khotbah Jum'at =850 ##$$a NBPDMAT =990 ##$$a 21602871 =990 ##$$a 21602872 =990 ##$$a 21602873 =990 ##$$a 21602874 =990 ##$$a 21602875